Statistics for Countries youtuber zi8gzag has been to

Click here to take the quiz!

General Stats

  • This quiz has been taken 21 times
    (9 since last reset)
  • The average score is 8 of 16

Answers on the Map

Answers color-coded by a green-red scale on the quiz's map according to % correct below.
 

Answer Stats

Country% Correct
Canada
83%
United States/U.S.A
83%
Australia
67%
Indonesia
67%
New Zealand
67%
Sweden
67%
Germany
50%
Japan
50%
Poland
50%
Austria
33%
Czechia/Czech Republic
33%
Netherlands
33%
Slovakia
33%
U.A.E/United Arab Emirates
33%
Qatar
17%
Slovenia
17%

Score Distribution

Percentile by Number Answered

Percent of People with Each Score

Your Score History

You have not taken this quiz since the last reset